Central Library OPAC University of Rajshahi

একুশ শতকের সিঁড়িতে বাংলাদেশ / (Record no. 64719)

MARC details
000 -LEADER
fixed length control field 00881nam a2200229 a 4500
001 - CONTROL NUMBER
control field 64719
003 - CONTROL NUMBER IDENTIFIER
rucl marc code BD-RjUL
005 - DATE AND TIME OF LATEST TRANSACTION
control field 20211209081337.0
008 - FIXED-LENGTH DATA ELEMENTS--GENERAL INFORMATION
fixed length control field 170219s2006 bg ||||| |||| 00| 0 ben d
020 ## - INTERNATIONAL STANDARD BOOK NUMBER
International Standard Book Number 9844019265
Terms of availability : Tk. 350.00
035 ## - SYSTEM CONTROL NUMBER
System control number (BD-RjUL)64849
040 ## - CATALOGING SOURCE
Original cataloging agency BD-RjUL
Language of cataloging eng
Transcribing agency BD-RjUL
041 ## - LANGUAGE CODE
Language code of text/sound track or separate title ben
082 ## - DEWEY DECIMAL CLASSIFICATION NUMBER
Edition number 23
Classification number 954.9203
Author mark and year HOE 2006
100 ## - MAIN ENTRY--PERSONAL NAME
Personal name হোসেন, সরদার আমজাদ
9 (RLIN) 178215
245 10 - TITLE STATEMENT
Title একুশ শতকের সিঁড়িতে বাংলাদেশ /
Statement of responsibility, etc. সরদার আমজাদ হোসেন
260 ## - PUBLICATION, DISTRIBUTION, ETC. (IMPRINT)
Place of publication, distribution, etc. ঢাকা :
Name of publisher, distributor, etc. আগামী প্রকাশনী,
Date of publication, distribution, etc. ২০০৬
300 ## - PHYSICAL DESCRIPTION
Pagination ৩১২ পৃ. ;
Size ২৩ সেমি.
650 ## - SUBJECT ADDED ENTRY--TOPICAL TERM
Topical term or geographic name as entry element ইতিহাস
General subdivision ২১শতক
Geographic subdivision বাংলাদেশ
9 (RLIN) 191862
Topical term or geographic name as entry element History
General subdivision 21st century
Geographic subdivision Bangladesh
9 (RLIN) 191863
942 ## - ADDED ENTRY ELEMENTS (KOHA)
Source of classification or shelving scheme Dewey Decimal Classification
Koha item type Books
Holdings
Lost status Source of classification or shelving scheme Damaged status Not for loan Collection code Permanent Location Current Location Shelving location Date acquired Total Checkouts Full call number Date last seen Copy number Koha item type
  Dewey Decimal Classification   Not For Loan Non-fiction Central Library, University of Rajshahi Central Library, University of Rajshahi Reading Room 24/09/2006   B 954.9203 HOE 2006 19/02/2017 C-1 Books